John Dooley's Civil War (Record no. 235866)
[ view plain ]
| 000 -LEADER | |
|---|---|
| fixed length control field | 02191nam a2200481 a 4500 |
| 082 04 - DEWEY DECIMAL CLASSIFICATION NUMBER | |
| Classification number | 973.7/82 |
| 100 1# - MAIN ENTRY--AUTHOR NAME | |
| Personal name | Dooley, John, |
| 245 10 - TITLE STATEMENT | |
| Title | John Dooley's Civil War |
| 250 ## - EDITION STATEMENT | |
| Edition statement | 1st ed. |
| 260 ## - PUBLICATION, DISTRIBUTION, ETC. (IMPRINT) | |
| Place of publication | Knoxville : |
| Name of publisher | University of Tennessee Press, |
| Year of publication | c2012. |
| 300 ## - PHYSICAL DESCRIPTION | |
| Number of Pages | xxxi, 516 p. : |
| Other physical details | ill., map. |
| 490 1# - SERIES STATEMENT | |
| Series statement | Voices of the Civil War |
| 505 0# - FORMATTED CONTENTS NOTE | |
| Formatted contents note | pt. 1. Secession -- pt. 2. War -- pt. 3. Reconstruction. |
| 650 #0 - SUBJECT ADDED ENTRY--TOPICAL TERM | |
| Topical Term | Soldiers |
| Topical Term | Irish American soldiers |
| Topical Term | Prisoners of war |
| 700 1# - ADDED ENTRY--PERSONAL NAME | |
| Personal name | Curran, Robert Emmett. |
| 856 40 - ELECTRONIC LOCATION AND ACCESS | |
| Uniform Resource Identifier | http://site.ebrary.com/lib/rucke/Doc?id=10534401 |
No items available.
